|
|
|
|
| LEADER |
01045aam a22002538a 4500 |
| 001 |
00028525 |
| 005 |
20171026081025.0 |
| 008 |
120329s2007 ||||||viesd |
| 041 |
0 |
# |
|a vie
|
| 082 |
1 |
4 |
|a 342.08
|b T103L
|
| 245 |
0 |
0 |
|a Tài liệu tập huấn công ước về quyền trẻ em
|b Sách tham khảo
|
| 250 |
# |
# |
|a Tái bản, có chỉnh sửa, bổ sung
|
| 260 |
# |
# |
|a Hà Nội
|b Chính trị quốc gia
|c 2007
|
| 300 |
# |
# |
|a 347tr.
|c 29cm.
|
| 500 |
# |
# |
|a ĐTTS ghi: Tăng cường quyền trẻ em
|
| 650 |
# |
4 |
|a Quyền trẻ em
|
| 653 |
# |
# |
|a Công ước
|
| 653 |
# |
# |
|a Tài liệu
|
| 852 |
# |
# |
|b Kho mượn
|j KM.0013455, KM.0013456, KM.0013457, KM.0013458, KM.0013459, KM.0013460, KM.0013461, KM.0013374
|
| 852 |
# |
# |
|b Kho đọc
|j KD.0013141
|
| 852 |
# |
# |
|j KM.0013458
|j KM.0013459
|j KM.0013461
|j KD.0013141
|j KM.0013456
|j KM.0013374
|j KM.0013455
|j KM.0013457
|j KM.0013460
|
| 910 |
|
|
|d 29/03/2012
|
| 980 |
# |
# |
|a Trung tâm Học liệu Lê Vũ Hùng, Trường Đại học Đồng Tháp
|